| 000 | 00579nam a22001577a 4500 | ||
|---|---|---|---|
| 999 |
_c534566 _d534566 |
||
| 020 | _qHard Cover. | ||
| 082 | _a620.11 | ||
| 100 | _aHassan, Shah Rukh | ||
| 245 |
_aDevelopment of Methodology to Determine Stability of Single Based Propellant Through High Performance Liquid Chromatography / _cShah Rukh Hassan. |
||
| 260 |
_aIslamabad: _bSCME - NUST, _c2017. |
||
| 300 |
_a45 p. : _bill. ; _c30cm. |
||
| 942 |
_2ddc _cTHE |
||
| 650 |
_aEnergatic Material Engineering MS-Thesis. _928345 |
||
| 700 |
_aDr. Habib Nasir _916070 |
||